000 00819nam a2200181Ia 4500
008 090124s9999 xx 000 0 und d
082 _b110998
100 _aप्रफुल्लदत्त ( तेंडुलकर दत्तात्रय विष्णू )
245 _a दुर्गावाडीतील दैवते
250 _a1
260 _c1964
300 _a121
600 _aप्रफुल्लदत्त ( तेंडुलकर दत्तात्रय विष्णू )
630 _a दुर्गावाडीतील दैवते
700 _aप्रफुल्लदत्त ( तेंडुलकर दत्तात्रय विष्णू )
730 _a दुर्गावाडीतील दैवते
942 _cBOOK
999 _c157089
_d157089